Geschichte Russlands A-Z - Statistiken

Allgemein
  • Dieses Quiz wurde 6.068 mal gespielt
  • Das Durchschnittsergebnis liegt bei 14 aus 25
Antwortstatistiken
Hinweis Antwort % Korrekt
A Territorium, welches Russland 1867 den USA für bloss 7,2 Millionen Dollar verkaufte Alaska
96%
H Einer der Gegenstände auf der Sowjetflagge Hammer
85%
I Der erste Zar Russlands, genannt "der Schreckliche" Iwan IV.
82%
O Die zweite der beiden Revolutionen von 1917 {Oktober}revolution
81%
S Ehemaliger Name der Stadt Wolgograd Stalingrad
79%
E Die Transsib, diese Art von Verkehrsmittel, verband ab 1916 den Osten mit dem Westen des Reiches Eisenbahn
73%
G Sibirisches Arbeitslagernetzwerk während der Stalins Regentschaft Gulag
69%
B Kommunistische Fraktion, die 1917 an die Macht kam Bolschewiki
64%
F Die erste der beiden Revolutionen von 1917 {Februar}revolution
62%
U Durch die sowjetische Zwangskollektivierung von Nahrung fielen Millionen Menschen in diesem (modernen) Land der Hungersnot Holodomor zum Opfer Ukraine
60%
L Hündin, welche 1957 als erstes Lebewesen in die Umlaufbahn der Erde befördert wurde Laika
59%
Z Mehr als 20 Millionen Soldaten und Zivilisten starben in diesem globalen Konflikt, die höchste Zahl Toten eines einzigen Landes zu dieser Zeit Zweiter Weltkrieg
58%
M Aussenminister, der 1939 einen Nichtangriffspakt mit dem Deutschen Reich unterzeichnete. Heute v.a. als Namensgeber eines nicht sehr schmackhaften Cocktails bekannt Wjatscheslaw Molotow
54%
N Dieser letzte Zar Russlands wurde 1918 hingerichtet Nikolaus II.
53%
J Der erste demokratisch gewählte Anführer in der Geschichte Russlands Boris Jelzin
51%
P Mendelejew veröffentlichte 1860 die erste Version dieses Systems {Perioden}system
45%
R Dynastie, welche Russland von 1613 bis 1917 regierte Romanow
43%
K Kriegerische Reiterverbände, welche massgeblich bei der Expansion nach Osten mithalfen Kosaken
41%
D Autor, dessen Hauptwerke unter anderem Schuld und Sühne und Der Idiot umfassen Fjodor Dostojewski
38%
T Föderales Subjekt nahe Georgien; Schauplatz zweier Kriege zwischen 1990 und 2010 Tschetschenien
38%
C Sowjetischer Politiker, welcher das Land in den 1950ern entstalinisierte Nikita Chruschtschow
36%
W Nordische Personengruppen, welcher über die Kiewer Rus herrschte Wikinger
33%
X Großfürstin und Zarenschwester, welche der Ermordung der Zarenfamilie entging Xenija Romanowa
33%
V Dieses liberale Zentrum jüdischer Kultur fiel 1795 mit der Teilung Polen-Litauens an Russland Vilnius
23%
Y Preußischer Generalfeldmarschall, der mit Napoleon in den Russlandfeldzug zog. (Ein späterer Nachfahre wurde als Verschwörer des 20. Juli 1944 bekannt) Ludwig Yorck
7%
Keine übereinstimmenden Quizze gefunden
Verteilung der Resultate
Anzahl Personen mit jedem Resultat
Perzentil nach korrekt beantworteten Fragen
Ihre Resultats-Entwicklung
Sie haben dieses Quiz noch nicht gespielt